|
|
|
|
| LEADER |
00000nam a2200000 a 4500 |
| 001 |
UCT6821 |
| 003 |
CL-VaPUC |
| 008 |
970113e19800000AG |||||||||||||||||spa|d |
| 082 |
0 |
4 |
|a Ar861
|b SAG
|2 21
|
| 100 |
0 |
|
|a Sagui, Teresita
|e author
|9 377056
|
| 245 |
1 |
4 |
|a Las falsas estrategias
|
| 300 |
|
|
|a 76 p
|
| 942 |
|
|
|c BK
|
| 945 |
|
|
|d 19970113 00:00:00
|a nastorga
|
| 260 |
|
|
|a Buenos Aires
|b Ancora
|c 1980
|
| 650 |
|
0 |
|a Poesía argentina
|9 265575
|
| 583 |
|
|
|a last modification
|c 19970113 00:00:00
|k Rodrigo Vera
|
| 999 |
|
|
|c 255491
|d 255489
|
| 952 |
|
|
|0 0
|1 0
|4 0
|6 AR_861_000000000000000_SAG_1980
|7 0
|8 A
|9 277738
|a BIBEDU
|b BIBEDU
|d 2019-11-19
|i 3267296
|o Ar861 SAG 1980
|p 3267296
|r 2019-11-19
|w 2019-11-19
|y BK
|k LIT
|